000 005110000a22001810004500
003 MACL
005 20160527154157.0
008 160527b xxu||||| |||| 00| 0 eng d
040 _aMACL
_cMACL
041 _aHindi
082 _a891.433
100 _aपंत, किशन
_960275
245 _aगंगनाथ
_cकिशन पंत
260 _bभावना प्रकाशन
_c2007
_aदिल्‍ली
350 _a150
650 _aNovel
_960276
942 _cHIN
_k891.433/PAN/N
_2ddc
999 _c22744
_d22744